MARC details
| 000 -LEADER |
| campo de control de longitud fija |
01838nam a2200385 i 4500 |
| 001 - NÚMERO DE CONTROL |
| campo de control |
195841 |
| 003 - IDENTIFICADOR DE NÚMERO DE CONTROL |
| campo de control |
SpMaBN |
| 005 - FECHA Y HORA DE LA ÚLTIMA TRANSACCIÓN |
| campo de control |
20250727144643.0 |
| 008 - DATOS DE LONGITUD FIJA--INFORMACIÓN GENERAL |
| campo de control de longitud fija |
240721s2018 sp a | ||||o000 0 spa |
| 017 ## - NÚMERO DE COPYRIGHT O DE DEPÓSITO LEGAL |
| Número de copyright o de depósito legal |
M 27098-2018 |
| Agencia que asigna |
Oficina Depósito Legal Madrid |
| 020 ## - NÚMERO INTERNACIONAL ESTÁNDAR DEL LIBRO |
| Número Internacional Estándar del Libro |
9788492462605 |
| 024 7# - IDENTIFICADOR DE OTROS ESTÁNDARES |
| Número estándar o código |
NIPO 032-18-018-9 |
| 035 ## - NÚMERO DE CONTROL DEL SISTEMA |
| Número de control de sistema |
(OCoLC)1089234925 |
| 035 ## - NÚMERO DE CONTROL DEL SISTEMA |
| Número de control de sistema |
a6342217 |
| 040 ## - FUENTE DE CATALOGACIÓN |
| Centro catalogador/agencia de origen |
SpMaBN |
| Lengua de catalogación |
spa |
| Centro/agencia transcriptor |
SpMaBN |
| Normas de descripción |
rdc |
| 080 ## - NÚMERO DE LA CLASIFICACIÓN DECIMAL UNIVERSAL |
| Número de la Clasificación Decimal Universal |
794.1(091)(083.824) |
| 245 00 - MENCIÓN DEL TÍTULO |
| Título |
AjedreZ, arte de silencio : |
| Resto del título |
32 libros para una exposición : ocho siglos de cultura : [Museo de la Biblioteca Nacional de España, sala Mínima, 10 de octubre de 2018 al 27 de enero de 2019] / |
| Mención de responsabilidad, etc. |
[organiza, Biblioteca Nacional de España ; proyecto y comisariado, Eduardo Scala ; textos, Fernando Gómez Redondo, Francisco Javier Asturiano, Eduardo Scala]. |
| 260 ## - PUBLICACIÓN, DISTRIBUCIÓN, ETC. |
| Lugar de publicación, distribución, etc. |
[Madrid] : |
| Nombre del editor, distribuidor, etc. |
Biblioteca Nacional de España, |
| Fecha de publicación, distribución, etc. |
2018. |
| 300 ## - DESCRIPCIÓN FÍSICA |
| Extensión |
93 p. : |
| Otras características físicas |
il. ; |
| Dimensiones |
20 x 20 cm |
| 336 ## - TIPO DE CONTENIDO |
| Término de tipo de contenido |
Imagen (fija ; bidimensional ; visual) |
| -- |
Texto (visual) |
| Fuente |
isbdcontent |
| 337 ## - TIPO DE MEDIO |
| Nombre/término del tipo de medio |
sin mediación |
| Fuente |
rdamedia |
| 338 ## - TIPO DE SOPORTE |
| Fuente |
rdacarrier |
| Nombre/término del tipo de soporte |
volumen |
| 650 #7 - PUNTO DE ACCESO ADICIONAL DE MATERIA--TÉRMINO DE MATERIA |
| Término de materia o nombre geográfico como elemento de entrada |
Ajedrez |
| Subdivisión de forma |
Historia |
| -- |
Exposiciones |
| Fuente del encabezamiento o término |
embne |
| 9 (RLIN) |
237584 |
| 655 #7 - TERMINO DE INDIZACIÓN--GENERO/FORMA |
| Datos o término principal de género/forma |
Catálogos de exposiciones |
| Fuente del término |
tgfbne |
| 9 (RLIN) |
193628 |
| 700 1# - ENTRADA AGREGADA--NOMBRE PERSONAL |
| Nombre de persona |
Scala, Eduardo, |
| Fechas asociadas al nombre |
1945- |
| 9 (RLIN) |
141379 |
| 700 ## - ENTRADA AGREGADA--NOMBRE PERSONAL |
| Nombre de persona |
Gómez Redondo, Fernando, |
| Fechas asociadas al nombre |
1957- |
| 9 (RLIN) |
237585 |
| 700 ## - ENTRADA AGREGADA--NOMBRE PERSONAL |
| Nombre de persona |
Asturiano, Francisco Javier, |
| Fechas asociadas al nombre |
1971- |
| 9 (RLIN) |
237586 |
| 710 2# - ENTRADA AGREGADA--NOMBRE DE ENTIDAD CORPORATIVA |
| Nombre de entidad corporativa o nombre de jurisdicción como elemento de entrada |
Biblioteca Nacional de España. |
| Unidad subordinada |
Museo |
| Relación |
his |
| 9 (RLIN) |
237587 |
| 852 ## - LOCALIZACIÓN |
| Ubicación |
ES-MaACL |
| Sublocalización o colección |
R.153451 |
| Ubicación en estantería |
Depósito J |
| Número de control de estantería |
N-8855 |
| Donativo/Legado |
Donación: Biblioteca Nacional de España |
| Encuadernación |
Encuadernación en rústica |
| itemnumber |
204729 |
| 914 ## - NOMBRE ENTIDAD DE DONANTE |
| Nombre de congreso/reunión o jurisdicción como elemento de entrada |
Biblioteca Nacional de España |
| Unidad subordinada |
Donante |
| RLIN |
234950 |
| 942 ## - ELEMENTOS DE ENTRADA SECUNDARIOS (KOHA) |
| Tipo de ítem Koha |
Libro impreso |
| Suprimir en OPAC |
No |
| 954 ## - CATALOGADOR -ALTA REGISTRO |
| Estado de la copia |
Tatiana Alejandra de Castro Pérez |